000
00294nam a2200133Ia 4500
041
_a
Kurdish
082
_a
342 cut-98 ي
100
_a
20260118u\\\\\\\\\\\y0engy0103\\\\ba
245
0
_a
نامیلکەى دەستوریى
250
_a
چ1
260
_c
2004
300
_a
127
942
_c
Bk
999
_c
187934
_d
187934